00648nam a22001817a 4500003000900000008004100009040007100050082001700121100002200138245003800160260004100198300002600239505013000265650001300395650001400408650001900422700002500441AR-CdUCM190227b ||||| |||| 00| 0 spa d aMUNICIPALIDAD PROVINCIAL DEL CUSCOcBIBLIOTECA MUNICIPAL DEL CUSCO a301.7 /bM43 aMebrabian, Albert aTácticas de influencia social / aMexico :bUnión Grafica SA,c1970. a180 paginas ;c23 cm. a¿De la intuición de los principios? -¿Cual es el problema? --Recompensando los errores buenos --Mas sobre recompensas ... aConducta aEducacion aPsicopatologia aRichchard S. Lazarus